Ứng dụng kỹ thuật máy học và xử lý ảnh để nhận dạng khuyết điểm trên vỏ trái cây : Luận văn Thạc sĩ công nghệ thông tin. Ngành Hệ thống thông tin
Nội dung nhằm mục đích xác định vùng vỏ chứa khuyết điểm trên vỏ trái xoài, sau đó xác định các vùng khuyết điểm ứng viên, sau cùng phân loại khuyết điểm.Sau đó xây dựng được công cụ nhận dạng và phân loại khuyết điểm trên vỏ trái xoài la...
Na minha lista:
| Autor principal: | |
|---|---|
| Formato: | Livro |
| Idioma: | Undetermined |
| Publicado em: |
Cần Thơ
Đại học Cần Thơ
2014
|
| Assuntos: | |
| Tags: |
Adicionar Tag
Sem tags, seja o primeiro a adicionar uma tag!
|
| Thư viện lưu trữ: | Trung tâm Học liệu Trường Đại học Cần Thơ |
|---|
| LEADER | 01388nam a2200229Ia 4500 | ||
|---|---|---|---|
| 001 | CTU_189014 | ||
| 008 | 210402s9999 xx 000 0 und d | ||
| 082 | |a 634.0285 | ||
| 082 | |b V556 | ||
| 088 | |a 60480104 | ||
| 100 | |a Nguyễn, Văn Vững | ||
| 245 | 0 | |a Ứng dụng kỹ thuật máy học và xử lý ảnh để nhận dạng khuyết điểm trên vỏ trái cây : | |
| 245 | 0 | |b Luận văn Thạc sĩ công nghệ thông tin. Ngành Hệ thống thông tin | |
| 245 | 0 | |c Nguyễn Văn Vững ; Trương Quốc Bảo (hướng dẫn) | |
| 260 | |a Cần Thơ | ||
| 260 | |b Đại học Cần Thơ | ||
| 260 | |c 2014 | ||
| 520 | |a Nội dung nhằm mục đích xác định vùng vỏ chứa khuyết điểm trên vỏ trái xoài, sau đó xác định các vùng khuyết điểm ứng viên, sau cùng phân loại khuyết điểm.Sau đó xây dựng được công cụ nhận dạng và phân loại khuyết điểm trên vỏ trái xoài làm tiền đề cho việc phân loại trái cây và phát hiện bệnh trên trái cây. | ||
| 650 | |a Sâu bệnh hại trái | ||
| 650 | |x Ứng dụng công nghệ thông tin | ||
| 904 | |i Qhieu, Cao Thị Mỹ | ||
| 980 | |a Trung tâm Học liệu Trường Đại học Cần Thơ | ||